000 01055nam a2200253Ia 4500
003 OSt
005 20200910090800.0
008 191128s1984 ck gr 000 0 spa d
020 _a9586060020
040 _aCO-JMCR
_cCO-JMCR
041 0 _aspa
082 0 4 _a382.09861 /
_bO151c
_223
100 1 _aOcampo, José Antonio,
_eautor
_96129
245 0 _aColombia y la economía mundial :
_b1830 - 1910 /
_cJosé Antonio Ocampo
250 _aPrimera edición
260 _aBogotá :
_bSiglo veintiuno : Fedesarrollo,
_c1984.
300 _a456 páginas ;
_c21 cm.
490 0 _aEconomía y demografía
505 0 _aDesarrollo exportador y desarrollo capitalista colombiano en el siglo XIX -- El comercio de exportación -- Las importaciones -- La tasa de cambio en una economía preindustrial -- La especulación forestal en gran escala: La quina
650 2 4 _aExportaciones
_y1830-1910
_zColombia
_910125
650 2 4 _aIntegración económica
_y1830-1910
_zColombia
_910126
650 2 4 _aComercio exterior
_y1830-1910
_zColombia
_910127
942 _2ddc
_cBK
999 _c5442
_d5442